Internal combustion engines. (4th edition) (Record no. 77507)

MARC details
000 -LEADER
fixed length control field 01307nam a2200217 a 4500
008 - FIXED-LENGTH DATA ELEMENTS--GENERAL INFORMATION
fixed length control field 190715s2012 ||||||||||||||||| || u
020 ## - INTERNATIONAL STANDARD BOOK NUMBER
International Standard Book Number 9781259006197
050 ## - LIBRARY OF CONGRESS CALL NUMBER
Classification number TJ 775 Gan
100 ## - MAIN ENTRY--PERSONAL NAME
Personal name Ganesan, V
245 10 - TITLE STATEMENT
Title Internal combustion engines. (4th edition)
Statement of responsibility, etc. By V. Ganesan
250 ## - EDITION STATEMENT
Edition statement 4th edition
260 ## - PUBLICATION, DISTRIBUTION, ETC.
Place of publication, distribution, etc. New Delhi
Name of publisher, distributor, etc. McGraw Hill Education (India) Private Limited
Date of publication, distribution, etc. 2012
300 ## - PHYSICAL DESCRIPTION
Extent xxxvi, 730 pages : illustrations
650 ## - SUBJECT ADDED ENTRY--TOPICAL TERM
Topical term or geographic name entry element COMBUSTION
650 ## - SUBJECT ADDED ENTRY--TOPICAL TERM
Topical term or geographic name entry element INTERNAL COMBUSTION ENGINES
995 ## -
-- MAIN LIBRARY OPEN ACCESS
-- 35.16
-- 749444
-- CBU-MAIN LIBRARY (Kitwe)
-- TJ 775 Gan
-- 2
-- AVAILABLE
-- Jul 17, 2019
-- 749444
-- Main Library Open Access Collection
995 ## -
-- MAIN LIBRARY OPEN ACCESS
-- 35.16
-- 749445
-- CBU-MAIN LIBRARY (Kitwe)
-- TJ 775 Gan
-- 4
-- AVAILABLE
-- Jul 17, 2019
-- 749445
-- Main Library Open Access Collection
995 ## -
-- SHORT LOAN BOOKS
-- 750074
-- CBU-MAIN LIBRARY (Kitwe)
-- 45.50
-- TJ 775 Gan
-- 5
-- AVAILABLE
-- Nov 25, 2019
-- 750074
-- Short Loan Collection
995 ## -
-- MAIN LIBRARY OPEN ACCESS
-- 35.16
-- 749446
-- CBU-MAIN LIBRARY (Kitwe)
-- TJ 775 Gan
-- 1
-- AVAILABLE
-- Jul 17, 2019
-- 749446
-- Main Library Open Access Collection
995 ## -
-- MAIN LIBRARY OPEN ACCESS
-- 35.16
-- 749443
-- CBU-MAIN LIBRARY (Kitwe)
-- TJ 775 Gan
-- 3
-- AVAILABLE
-- Jul 17, 2019
-- 749443
-- Main Library Open Access Collection
999 ## -
-- 77507
-- 77507
Holdings
Withdrawn status Lost status Source of classification or shelving scheme Damaged status Not for loan Permanent Location Current Location Shelving location Date acquired Total Checkouts Full call number Barcode Date last seen Copy number Price effective from Koha item type Date last checked out
          CBU-MAIN LIBRARY, KITWE. CBU-MAIN LIBRARY, KITWE.   04/27/2023   TJ 775 Gan 749444 04/27/2023 1 04/27/2023 MONOGRAPH  
          CBU-MAIN LIBRARY, KITWE. CBU-MAIN LIBRARY, KITWE.   04/27/2023   TJ 775 Gan 749445 04/27/2023 2 04/27/2023 MONOGRAPH  
          CBU-MAIN LIBRARY, KITWE. CBU-MAIN LIBRARY, KITWE.   04/27/2023   TJ 775 Gan 750074 04/27/2023 3 04/27/2023 SHORT LOAN COLLECTION  
          CBU-MAIN LIBRARY, KITWE. CBU-MAIN LIBRARY, KITWE.   04/27/2023   TJ 775 Gan 749446 04/27/2023 4 04/27/2023 MONOGRAPH  
          CBU-MAIN LIBRARY, KITWE. CBU-MAIN LIBRARY, KITWE.   04/27/2023 1 TJ 775 Gan 749443 03/10/2025 5 04/27/2023 MONOGRAPH 02/18/2025